| 000 | 01034nam a2200205Ia 4500 | ||
|---|---|---|---|
| 003 | Ost | ||
| 005 | 20260507074858.0 | ||
| 008 | 260507s9999||||xx |||||||||||||| ||und|| | ||
| 020 | _a9773581640 | ||
| 040 | _cfsecg | ||
| 041 | _aara | ||
| 082 | _a658.81 | ||
| 100 |
_aشوارتز، ماتثيو _eمؤلف |
||
| 245 | 0 |
_aأساسيات إدارة المبيعات : _bتنمية مهارات مدير المبيعات الجديد / _c ماتثيو شوارتز |
|
| 260 |
_aالقاهرة: _bدار الفجر للنشر, _c2008 |
||
| 300 |
_a317 صفحة؛ _bإيضاحات ؛ _c24 سم |
||
| 520 | _aيضم التحول إلى إدارة المبيعات، الاتصال يعني الكثير، تخطيط المبيعات،إدارة الوقت تخطيط المناطق وتوقع المبيعات، بناء البيئة من أجل الدافعية، التدريب التأمين والارشاد، الصعود الى أعلى لكي تكون قائدا حقيقيا. | ||
| 653 | _aالتخطيط | ||
| 942 | _cكتاب | ||
| 999 |
_c41629 _d41629 |
||